| 000 | 00622nam a2200217Ii 4500 | ||
|---|---|---|---|
| 003 | JO-AjNU | ||
| 008 | 230606s9999||||xx |||||||||||||| ||und|| | ||
| 017 | _a2871/12/2004 | ||
| 040 |
_aJO-AjNU _beng _erda _cJO-AjNU |
||
| 041 | _aeng | ||
| 050 | 1 | 4 | _aPJ7964.A26.L35 2009 |
| 100 | 3 |
_aAl- Ta‘an،Muslim, _eauthor _92730 |
|
| 245 | 0 | 4 | _aThe Laments - South: Poetry |
| 250 | _a1 ed | ||
| 264 | 3 | 1 | _aAmman: Al- Karmel For Publisihing , 2005 |
| 300 | _a109P | ||
| 336 |
_atext _btxt _2rdacontent |
||
| 337 |
_aunmediated _bn _2rdamedia |
||
| 338 |
_avolume _bnc _2rdacarrier |
||
| 650 | 4 |
_aEnglish language - Jordan _92731 |
|
| 999 |
_aE1429 _c1429 _d1429 |
||